| Tag |
First Indicator |
Second Indicator |
Subfields |
| LEADER |
00000nam a2200000Mi 4500 |
| 001 |
in00005529721 |
| 006 |
m o d |
| 007 |
cr cnu---unuuu |
| 008 |
240824s2024 pau o 000 p eng d |
| 005 |
20241118142429.7 |
| 020 |
|
|
|a 9780822991670
|q (electronic bk.)
|
| 020 |
|
|
|a 0822991675
|q (electronic bk.)
|
| 035 |
|
|
|a (NhCcYBP)jstor22573/CATS17081067
|
| 037 |
|
|
|a B1465491-2C05-4DA8-BBB3-A38A9BB08DDF
|b OverDrive, Inc.
|n http://www.overdrive.com
|
| 037 |
|
|
|a 22573/cats17081067
|b JSTOR
|
| 040 |
|
|
|a NhCcYBP
|c NhCcYBP
|
| 050 |
|
4 |
|a PS3622.A585
|b P87 2024
|
| 082 |
0 |
4 |
|a 811/.6
|2 23/eng/20240828
|
| 100 |
1 |
|
|a Van Clief-Stefanon, Lyrae,
|e author.
|1 https://id.oclc.org/worldcat/entity/E39PBJvmMTHYtpMDkDfQ8tKjmd
|
| 245 |
1 |
0 |
|a Purchase :
|b Poems /
|c Lyrae Van Clief-Stefanon.
|
| 264 |
|
1 |
|a PIttsburgh :
|b University of Pittsburgh Press,
|c [2024]
|
| 300 |
|
|
|a 1 online resource.
|
| 336 |
|
|
|a text
|b txt
|2 rdacontent
|
| 337 |
|
|
|a computer
|b c
|2 rdamedia
|
| 338 |
|
|
|a online resource
|b cr
|2 rdacarrier
|
| 490 |
1 |
|
|a Pitt poetry series
|
| 588 |
|
|
|a Description based on online resource; title from digital title page (viewed on August 28, 2024).
|
| 650 |
|
0 |
|a American poetry
|y 21st century.
|
| 655 |
|
7 |
|a Electronic books.
|2 local
|
| 776 |
1 |
8 |
|i Print version:
|a Van Clief-Stefanon, Lyrae
|t Purchase
|d PIttsburgh : University of Pittsburgh Press,c2024
|
| 830 |
|
0 |
|a Pitt poetry series.
|
| 856 |
4 |
0 |
|u http://proxy.library.tamu.edu/login?url=https://www.jstor.org/stable/10.2307/jj.17102078
|z Connect to the full text of this electronic book
|t 0
|
| 955 |
|
|
|a JSTOR DDA record
|
| 999 |
f |
f |
|s 79607e15-3613-4417-85e9-ab679f959e1c
|i 07d474d1-e8ae-43a0-aa94-fbcaec71878b
|t 0
|
| 952 |
f |
f |
|a Texas A&M University
|b College Station
|c Electronic Resources
|d Available Online
|t 0
|e PS3622.A585 P87 2024
|h Library of Congress classification
|
| 998 |
f |
f |
|a PS3622.A585 P87 2024
|t 0
|l Available Online
|